000 01710nam a22002657a 4500
001 7187
003 FISKH
005 20251128090924.0
008 250702b cb ||||| |||| 00| 0 eng d
040 _aFISKH
_beng
_cFISKH
_dFISKH
050 _aPZ7
082 _a 333.95
100 _aJone, Owen
245 _aSaving our reefs ;
_bCommunity management of fisheries in Cambodia /
_cScript and storyboard : Owen Jones and Catriona Regnier-McKellar ; Artwork : Our Books Cambodia
260 _aPhnom Penh :
_bCambridge University Press,
_c2020.
300 _a8 pages :
_bcolor illustrations ;
_c24 cm
505 _aN
520 _aThis detailed report highlights real-world examples from Cambodia of how local communities, NGOs, and government officials are successfully managing small-scale and marine fisheries: Community Fisheries (CFis) and Marine Fisheries Management Areas (MFMAs) give legal authority to local fishers to co-manage resources. These initiatives feature patrolling, no-take zones, fishing regulations, and habitat restoration. In regions like Koh Rong and Kep, studies show improvements in reef health, stabilized coral cover, and gradual fish biomass recovery—despite regional threats. The efforts are backed by organizations like FFI, Marine Conservation Cambodia, WWF, FAO and others, providing training in community organizing, legal processes, financial planning, and monitoring.
521 8 _a530
_bLexile estimate
521 8 _aN
_bRaz-Plus
650 _aCommunity co-management
_vFisheries governance
_xCambodia marine protected areas
_yReef conservation
700 _aRegnier-McKellar, Catriona
_eillustrator
942 _2ddc
_cBK
_n0
999 _c7187
_d7187